000 00656nam a22002177a 4500
005 20170124110049.0
010 _aA-895168
020 _c00.00
035 _aA-895168
037 _bCen Lib/Ret
040 _aDPL
_bEN
082 _a650.1
_bBAG
100 _aBagade, Shankar Digambar
_925099
245 _aTime management /
_cby Shankar Digambar Bagade
260 _bHimalaya Publishing House
_c1997
_aMumbai
270 _bMumbai
_a"Ramdoot" Dr. Bhalerao Marg, Girgaon
_e400004
300 _a195p.
_c20cm(Hb)
650 _aTime management--Social aspects
_925100
650 _aTime management
_916925
942 _2ddc
_cEN
_h650.1
_mBAG
999 _c129010
_d129010